| 000 | 00544nam a22001817a 4500 | ||
|---|---|---|---|
| 005 | 20251108165829.0 | ||
| 008 | 250721s9999 xx 000 0 ara d | ||
| 082 | 1 | 4 | _aط/216.22/احم |
| 100 | 1 | _aمحفوظ، أحمد هاني | |
| 245 | 1 | 0 | _aكتاب الصلاة / |
| 264 |
_bمؤسسة الرسالة، _c[19-]. |
||
| 300 | _a79ص0 | ||
| 490 | 0 | _aموسوعة علمية مبسطة في احكام الصلاة للاطفال | |
| 650 | 1 | 7 | _aالصلاة |
| 700 | 1 | _aخواجكية، وفاء | |
| 942 |
_2ddc _cBK |
||
| 999 |
_c32394 _d32394 |
||